书目信息 |
| 题名: |
商业会计学参考资料
|
|
| 作者: | 金中泉 , 丁承厚 编 | |
| 分册: | ||
| 出版信息: | 北京 中央广播电视大学出版社 1984-1987 |
|
| 页数: | 2册 | |
| 开本: | 19cm | |
| 丛书名: | ||
| 单 册: | ||
| 中图分类: | F235.8 | |
| 科图分类: | ||
| 主题词: | 商业会计--电视大学--教学参考资料 , 会计 | |
| 电子资源: | ||
| ISBN: | ||
| 000 | 00738nam0 2200265 45 | |
| 001 | 0184013414 | |
| 005 | 20040425102550.1 | |
| 010 | @dCNY1.30 | |
| 091 | @a4300.6 | |
| 100 | @a19950606g19841987em y0chiy0121 ea | |
| 101 | 0 | @achi |
| 102 | @aCN@b110000 | |
| 105 | @ay z 000yy | |
| 106 | @ar | |
| 200 | 10 | @a商业会计学参考资料@Ashang ye kuai ji xue can kao zi liao@f金中泉, 丁承厚编 |
| 210 | @a北京@c中央广播电视大学出版社@d1984-1987 | |
| 215 | @a2册@d19cm | |
| 606 | @a商业会计@x电视大学@x教学参考资料 | |
| 606 | 0 | @a会计 |
| 690 | @aF235.8 | |
| 701 | 0 | @a金中泉@Ajin zhong quan@4编 |
| 701 | 0 | @a丁承厚@Ading cheng hou@4编 |
| 801 | 0 | @aCN@b上海图书馆@c20040425 |
| 801 | 2 | @aCN@bNLC@c20040425 |
| 905 | @f1@b111722@dF235.8@e55 | |
| 商业会计学参考资料/金中泉, 丁承厚编.-北京:中央广播电视大学出版社,1984-1987 |
| 2册;19cm |
| ISBN :CNY1.30 |
| ● |
| 相关链接 |
|
|
|
|
正题名:商业会计学参考资料
索取号:F235.8/55
 
预约/预借
| 序号 | 登录号 | 条形码 | 馆藏地/架位号 | 状态 | 备注 |
| 1 | 0111722 | 000205806 | 第一借阅区/ [索取号:F235.8/55] | 在馆 | |
| 2 | 0111723 | 000205799 | 第一样本阅览室/ [索取号:F235.8/55] | 在馆 |